00380nam a2200157Ia 450000500170000000800410001704000190005804100120007708200130008910000250010224500320012726000240015930000100018365000190019385000100021220240723100201.0131103s9999 xx 000 0 und d aLoreto College aEnglish a821bTAG aTagore, Rabindranath aLipikacRabindranath Tagore aBombaybJaicoc1969 a131p  aEnglish poetry aLCBED